Twenty One Pilots Lyrics: One Way - Statistics

General Stats
  • This quiz has been taken 89 times
  • The average score is 191 of 225
Answer Stats
Answer % Correct
a
100%
a)
100%
are
100%
but
100%
chances
100%
fly
100%
high
100%
i
100%
in
100%
say
100%
the
100%
they
100%
to
100%
wanted
100%
coming
98%
is
98%
one
98%
system's
98%
this
98%
(this
98%
way,
98%
way
98%
it
88%
and
85%
and,
85%
no
85%
it's
83%
not
83%
that
80%
back
76%
be
76%
my
76%
so
76%
was
76%
am
73%
dreaming?
73%
me
73%
who
73%
been
71%
can
71%
has
68%
have
68%
if
68%
before?
66%
while
66%
while,
66%
coming
63%
take
63%
then
63%
all
61%
dreams
61%
just
61%
uh,
61%
uh
61%
change
59%
i'm
59%
belong
56%
days
56%
don't
56%
dormant
56%
feel
56%
here
56%
hey
56%
interesting
56%
lie
56%
like
56%
someone
56%
call
54%
going
54%
josh,
54%
keeps
54%
next
54%
opposed
54%
vibe
51%
why
51%
yelling
51%
does
49%
still
49%
wrong
49%
gelling
44%
ooh
44%
ooh,
44%
quite
44%
scene
44%
something
44%
ain't
41%
walking?
41%
must
39%
mm,
15%
No matching quizzes found
Score Distribution
Percent of People with Each Score
Percentile by Number Answered
Your Score History
You have not taken this quiz